| 000 | 01371nam a2200277 a 4500 | ||
|---|---|---|---|
| 999 |
_c447184 _d447184 |
||
| 003 | BLK | ||
| 005 | 20230727125255.0 | ||
| 008 | 220304b bu |||||||||| 00| | bu d | ||
| 040 | _aBLK | ||
| 041 |
_aBUL _cBUL |
||
| 080 |
_aКомунистически партии. Вж и 327.323 _b329.15 _x(47+57)КПСС _z329.15(47+57)КПСС |
||
| 139 |
_aОктомври, нашата съвременност и българо-съветската дружба _bО 46 |
||
| 245 |
_aОктомври, нашата съвременност и българо-съветската дружба _bМатериали от разговора "кръгла маса", проведен на 5 февр. 1987 г. в дома за БСД - Русе _h[Малотир. изд.] |
||
| 260 |
_9218940 _aРусе _bОК за БСД _c1987 |
||
| 300 |
_a72, 6 _c21 см |
||
| 380 | _a3 | ||
| 500 | _aЗагл. на кор. : Революцията продължава .. : 70 г. - Октомври ! | ||
| 650 | 7 |
_9150475 _aВеликата октомврийска социалистическа революция |
|
| 650 | 0 |
_9276470 _aБългаро-съветска дружба |
|
| 653 | 7 |
_9183623 _aВОСР |
|
| 653 | 7 |
_9182489 _aБСД |
|
| 653 | 7 |
_9189462 _aкръгла маса |
|
| 852 |
_bК _cК 329/О 46 |
||
| 942 |
_cKNG _n0 _s1 _01 |
||
| 944 |
_aCR _c2022-03-04 _k30556 _lТеодора Пейчева-Дянкова |
||